Church Music in Transition (Record no. 11248)

MARC details
000 -LEADER
fixed length control field 00603nam a2200241 a 4500
001 - CONTROL NUMBER
control field 0001-1248
003 - CONTROL NUMBER IDENTIFIER
control field ELIB.Books
008 - FIXED-LENGTH DATA ELEMENTS--GENERAL INFORMATION
fixed length control field 150604 2010 eng
020 ## - INTERNATIONAL STANDARD BOOK NUMBER
International Standard Book Number 6311165
035 ## - SYSTEM CONTROL NUMBER
System control number (ELIB.Books)0001-1403
092 ## - LOCALLY ASSIGNED DEWEY CALL NUMBER (OCLC)
Classification number 264.2
Item number Hoo
100 ## - MAIN ENTRY--PERSONAL NAME
Personal name Hooper, William Loyd
245 ## - TITLE STATEMENT
Title Church Music in Transition
260 ## - PUBLICATION, DISTRIBUTION, ETC. (IMPRINT)
Place of publication, distribution, etc. Nashville
Name of publisher, distributor, etc. Broadman Press
Date of publication, distribution, etc. 1963
300 ## - PHYSICAL DESCRIPTION
Extent 208
Dimensions 21.5 Cm
500 ## - GENERAL NOTE
General note C/o Moe Tarmalar Paw
650 ## - SUBJECT ADDED ENTRY--TOPICAL TERM
Topical term or geographic name as entry element Music
856 ## - ELECTRONIC LOCATION AND ACCESS
Name of location of host KBTS: Library
Uniform Resource Identifier <a href="KBTS: Elib">KBTS: Elib</a>
942 ## - ADDED ENTRY ELEMENTS (KOHA)
Source of classification or shelving scheme Dewey Decimal Classification
Koha item type Books
990 ## - EQUIVALENCES OR CROSS-REFERENCES [LOCAL, CANADA]
Link information for 9XX fields 2
998 ## - LOCAL CONTROL INFORMATION (RLIN)
Cataloger's initials, CIN (RLIN) bat
-- 2015-06-04
Holdings
Withdrawn status Lost status Source of classification or shelving scheme Damaged status Not for loan Home library Current library Date acquired Total Checkouts Barcode Date last seen Bill Date Koha item type
    Dewey Decimal Classification     Karen Baptist Theological Seminary Library Karen Baptist Theological Seminary Library 04/06/2015   15469, 15470 22/01/2022 22/01/2022 Books
Implemented & Customized by: BestBookBuddies

Powered by Koha